000 00298nam a22001337a 4500
008 171103b xxu||||| |||| 00| 0 eng d
020 _a2900324319964
041 _aeng
080 _23RD
_a339.138
100 _a60
101 _aMAR
245 _aSERVICES MARKETING
_cHOFFMAN,K.D
942 _2udc
_cBK
999 _c37461
_d37461